| 000 | 01679nam a2200481 i 4500 | ||
|---|---|---|---|
| 001 | 51380 | ||
| 003 | KOSZ 005 | ||
| 005 | 20210913105430.0 | ||
| 008 | 060629s2006 pl a |001 0dpol | ||
| 015 | _aUWD 2006/22546 | ||
| 020 | _a8321344208 | ||
| 035 | _a991030301839705066 | ||
| 035 | _a(PL-WaBN)b18170201-48omnis_nlop | ||
| 035 | _ab18170201 | ||
| 035 | _a(OCoLC)749833226 | ||
| 035 | _a(PL)b0000001817020 | ||
| 035 | _a(EXLNZ-48OMNIS_NETWORK)9910088121905606 | ||
| 040 |
_aWA N _cWA N _dWA N _dKOSZ 005/HR |
||
| 041 | 1 |
_apol _hita |
|
| 080 | _a741/744 | ||
| 080 | _a(02.025.2) | ||
| 100 | 1 |
_aPignatti, Terisio _eAutor |
|
| 245 | 1 | 0 |
_aHistoria rysunku : _bod Altamiry do Picassa / _cTerisio Pignatti ; [tł. Tamara Łozińska]. |
| 246 | 1 |
_iTyt. oryg.: _aDisegno : _bda Altamira a Picasso |
|
| 260 |
_aWarszawa : _bWydawnictwo "Arkady", _c2006. |
||
| 300 |
_a359 s. : _bil. (gł. kolor.) ; _c32 cm. |
||
| 336 |
_aTekst _btxt _2rdacontent |
||
| 337 |
_aBez urządzenia pośredniczącego _bn _2rdamedia |
||
| 338 |
_aWolumin _bnc _2rdacarrier |
||
| 380 | _aKsiążki | ||
| 388 | _a2001- | ||
| 500 | _aTyt. oryg.: "Il disegno : da Altamira a Picasso" 1981. | ||
| 504 | _aBibliogr. s. 351-356 i przy biogramach. Indeks. | ||
| 650 | _aHistoria sztuki | ||
| 655 | 7 |
_aRysunki _2DBN |
|
| 655 | 7 | _aWydawnictwa popularne | |
| 658 | _aKultura i sztuka | ||
| 700 | 1 |
_aŁozińska, Tamara _d(1959-2021) _eTłumaczenie |
|
| 710 | 2 |
_aWydawnictwo Arkady _4pbl |
|
| 856 |
_uhttp://koha.tu.koszalin.pl/cgi-bin/koha/opac-detail.pl?biblionumber=51380 _yKatalog online BPK |
||
| 942 |
_2UKD _cKS |
||
| 999 |
_c51380 _d51380 |
||